Statistiques concernant Devinez le Département Mystère #59

Cliquez ici pour prendre le quiz!

Statistiques générales

  • Ce quiz a été pris 137 fois
  • Le résultat moyen est 29 sur 34

Statistiques - réponses

Type de RéponseRéponse% Correct
Lettre TrouvéeE
100%
Lettre de l'AlphabetI
100%
Lettre de l'AlphabetN
100%
Lettre de l'AlphabetR
100%
Lettre TrouvéeO
99%
Lettre de l'AlphabetA
98%
Lettre de l'AlphabetD
97%
Lettre TrouvéeS
97%
Lettre de l'AlphabetT
97%
Lettre de l'AlphabetC
95%
Lettre TrouvéeL
95%
Lettre de l'AlphabetH
93%
Lettre de l'AlphabetU
89%
Lettre de l'AlphabetV
89%
Lettre de l'AlphabetG
87%
Lettre Bien PlacéeE
86%
Lettre de l'AlphabetY
85%
Lettre TrouvéeM
83%
Lettre de l'AlphabetB
82%
Lettre de l'AlphabetF
82%
Lettre de l'AlphabetP
80%
Lettre de l'AlphabetZ
80%
Lettre Bien PlacéeE
76%
Lettre Bien PlacéeM
75%
Lettre de l'AlphabetJ
74%
Lettre Bien PlacéeO
74%
Lettre de l'AlphabetQ
74%
Lettre Bien PlacéeS
74%
Lettre Bien PlacéeL
73%
Lettre de l'AlphabetX
71%
Lettre de l'AlphabetK
70%
Lettre Bien PlacéeL
70%
Département MystèreMoselle
70%
Lettre de l'AlphabetW
70%

Distribution des résultats

Percentile par nombre de réponses

% des personnes avec chaque résultat

Votre développement - résultats

Vous n’avez pas pris ce quiz